| 000 | 00410nam a2200145 i 4500 | ||
|---|---|---|---|
| 001 | 145932 | ||
| 003 | ES-MaACL | ||
| 007 | t| | ||
| 008 | 071018s1954 sp ||||1| spa d | ||
| 100 | 1 |
_aVega Alonso, Rafael. _9113588 |
|
| 245 | 1 | 4 |
_aLos sistemas filosóficos / _cRafael Vega Alonso. |
| 260 |
_a[Madrid : _bs.n., _c1954] ( _fImp. Soler) |
||
| 300 |
_a248 p. ; _c21 cm. |
||
| 852 |
_aES-MaACL _jC-8763 _bR.36674 |
||
| 999 |
_c145932 _d145932 |
||